[Event "Pereira Cosecha op"]
[Site "Pereira"]
[Date "2024.08.30"]
[Round "4"]
[White "Molano, Walter Rene"]
[Black "Mera Rivas, Jose Moises"]
[Result "0-1"]
[WhiteElo "1802"]
[BlackElo "1617"]
[PlyCount "66"]
[EventDate "2024.08.28"]
[EventType "swiss"]
[EventRounds "9"]
[EventCountry "COL"]
[SourceTitle "EXT 2025"]
[Source "ChessBase"]
[SourceDate "2024.10.14"]
[SourceVersion "1"]
[SourceVersionDate "2024.10.14"]
[SourceQuality "1"]

1. e4 e6 2. d4 d5 3. Nc3 dxe4 4. Nxe4 Be7 5. Nf3 Nf6 6. Bd3 Nbd7 7. 0-0 0-0 8. b3 Nxe4 9. Bxe4 Nf6 10. Bd3 b6 11. Bb2 Bb7 12. c4 a5 13. Ne5 g6 14. Qe2 Nh5 15. g3 Bf6 16. Rfe1 Bg7 17. Rad1 a4 18. Ng4 axb3 19. axb3 Re8 20. Bb1 Qc8 21. Bc1 Rf8 22. Bh6 Qd7 23. Qe3 Rfd8 24. Bc2 Qe7 25. Bxg7 Kxg7 26. Qh6+ Kh8 27. Ne5 Kg8 28. Bb1 Rf8 29. f4 Qb4 30. Rf1 Qxb3 31. Ng4 Qxc4 32. Rfe1 Rad8 33. Rc1 Qxd4+ 0-1

[Event "Pereira U2000 op"]
[Site "Pereira"]
[Date "2024.07.18"]
[Round "1"]
[White "Jaramillo, Carlos Orlando"]
[Black "Mera Rivas, Jose Moises"]
[Result "1-0"]
[WhiteElo "1854"]
[BlackElo "1600"]
[PlyCount "85"]
[EventDate "2024.07.17"]
[EventType "swiss"]
[EventRounds "10"]
[EventCountry "COL"]
[SourceTitle "EXT 2025"]
[Source "ChessBase"]
[SourceDate "2024.10.14"]
[SourceVersion "1"]
[SourceVersionDate "2024.10.14"]
[SourceQuality "1"]

1. e4 e6 2. d4 d5 3. Nc3 dxe4 4. Nxe4 Be7 5. Nf3 Nf6 6. Bd3 Nbd7 7. 0-0 Nxe4 8. Bxe4 Nf6 9. Bd3 0-0 10. Qe2 b6 11. Bg5 Bb7 12. Rad1 Re8 13. Rfe1 Nd7 14. Bf4 Bd6 15. Ne5 Nf6 16. Bg5 Be7 17. Bb5 Qd5 18. f3 c6 19. Bc4 Qd6 20. Bf4 Nd5 21. Bg3 Qd8 22. c3 Bf6 23. Bd3 g6 24. c4 Ne7 25. Bf2 Nf5 26. Be4 Rc8 27. Qc2 Qc7 28. f4 Bg7 29. g4 Nd6 30. Bg2 c5 31. dxc5 bxc5 32. Bxb7 Nxb7 33. Rd7 Qb8 34. Nxf7 Rf8 35. Qe4 Rxf7 36. Rxf7 Kxf7 37. Qxe6+ Kf8 38. Bh4 Bd4+ 39. Kg2 Qc7 40. Be7+ Kg7 41. Bg5 Rf8 42. b3 Qf7 43. Qa6 1-0